| 000 | 01014nam a22002897a 4500 | ||
|---|---|---|---|
| 001 | 10045 | ||
| 003 | FISKH | ||
| 005 | 20260401103830.0 | ||
| 008 | 260401b cb ||||| |||| 00| 0 eng d | ||
| 020 | _a9780064451635 | ||
| 040 |
_aFISKH _beng _cFISKH _dFISKH |
||
| 050 | _aQC173.16 .Z64 | ||
| 082 | _a530.4 | ||
| 100 |
_aZoehfeld, Kathleen Weidner _eAuthor |
||
| 245 |
_aWhat is the world made of ? : _bAll about solids, liquids, and gases / _cby Kathleen Weidner Zoehfeld ; illustrated by Paul Meisel |
||
| 260 |
_aNew York : _bHarperCollins Publishers , _c1998 |
||
| 300 |
_a32 pages : _bcolor illustrations ; _c20 x 25 cm |
||
| 505 | _aP | ||
| 520 | _aIn simple text, presents the three states of matter, solid, liquid, and gas, and describes their attributes. | ||
| 521 | 8 |
_a620
_bLexile AD |
|
| 521 | 8 |
_aP
_bRaz-Plus |
|
| 650 |
_aMatter _vScience |
||
| 650 |
_aSolids liquids gases _vChemistry basics |
||
| 700 |
_aMeisel, Paul _eIllustrator |
||
| 942 |
_2ddc _cBK _n0 |
||
| 999 |
_c10045 _d10045 |
||